Unlocking Smart Mobility Potential in the Slovak Republic: A Comprehensive Analysis of Indicators, Clustering, and Regression Insights
Táto kapitola skúma vzťah medzi ukazovateľmi dopravy a ich vplyvom na bezpečnosť dopravy v obciach. Štúdia využíva regresnú analýzu na posúdenie vplyvu premenných ukazovateľov na výsledky bezpečnosti dopravy. Okrem toho sa klastrová analýza vykonáva do skupín obcí na základe podobností v nezávislých...
Enregistré dans:
| Auteur principal: | |
|---|---|
| Autres auteurs: | |
| Format: | Chapitre de livre |
| Langue: | anglais |
| Sujets: | |
| Tags: |
Pas de tags, Soyez le premier à ajouter un tag!
|
MARC
| LEADER | 00000naa$a2200000$$$4500 | ||
|---|---|---|---|
| 001 | 0308080 | ||
| 005 | 20250529141439.7 | ||
| 041 | 0 | |a eng | |
| 044 | |a CH | ||
| 245 | 1 | 0 | |a Unlocking Smart Mobility Potential in the Slovak Republic: A Comprehensive Analysis of Indicators, Clustering, and Regression Insights |c Andrej Kóňa, Jakub Kóňa |
| 500 | |a 004UCM-4/2023 | ||
| 520 | |a Táto kapitola skúma vzťah medzi ukazovateľmi dopravy a ich vplyvom na bezpečnosť dopravy v obciach. Štúdia využíva regresnú analýzu na posúdenie vplyvu premenných ukazovateľov na výsledky bezpečnosti dopravy. Okrem toho sa klastrová analýza vykonáva do skupín obcí na základe podobností v nezávislých premenných. | ||
| 610 | 2 | 0 | |a mobilita inteligentná |
| 610 | 2 | 0 | |a klaster |
| 610 | 2 | 0 | |a doprava |
| 610 | 2 | 0 | |a analýza regresná |
| 100 | 1 | |a Kóňa, Andrej | |
| 700 | 1 | |a Kóňa, Jakub, 1995- | |